000 00559 a2200169 4500
020 _a0138987505
040 _aDLC
_bDLC
082 _a080.0666021
100 1 0 _aBlicq, Ron S
_9126947
245 1 0 _bTechnically-write: communicating in a technological era
_aTechnically-write: communicating in a technological era
_c/Ron S. Blicq.
250 _a3rd ed.
260 0 _aEnglewood Cliffs, N.J.
_b: Prentice-Hall
_c, c1986.
300 _axii, 411 p.
_b: ill.
_c; 24 cm.
500 _aIncludes index.
650 0 _aTechnical writing.
942 _cBK
_k808.0666021 BLI
_2ddc
999 _c4916
_d4916